000 00464nam a2200181Ia 4500
003 OSt
005 20230529111518.0
008 210423s2002 xx 000 0 und d
040 _cAL
041 _aeng
082 _a302.2 SINM
_223
100 _aSINGH (J K).
_9115731
245 _aMedia culture and communication.
260 _aJaipur
_bMangal Deep Publications
_c2002
365 _b550
_cINR
906 _acommunication. ; culture ; Media
942 _2ddc
_cBK
999 _c173535
_d173535